000 00325nam a2200133Ia 4500
008 191201s2003 xx 000 0 und d
082 _a005.72
_bPOH
100 _aPOWELL, Thomas
245 0 _aHTML and HTML: The Complete Reference
260 _aN.Delhi
_bTMH
_c2003
300 _a944
650 _aB.Tech(IT)
942 _2ddc
_cBK
999 _c2816
_d2816